Ekonomika a zamestnanosť malých a stredných podnikov a živnostníkov z pohľadu aktuálnych legislatívnych zmien
10 návrhov na zlepšenie podnikateľského prostredia MSP a živnostníkov.
Gespeichert in:
| 1. Verfasser: | |
|---|---|
| Format: | Buchkapitel |
| Sprache: | Slowakisch |
| Schlagworte: | |
| Tags: |
Keine Tags, Fügen Sie das erste Tag hinzu!
|
MARC
| LEADER | 00000naa a2200000 4500 | ||
|---|---|---|---|
| 001 | 0196398 | ||
| 005 | 20220718123902.6 | ||
| 041 | 0 | |a slo | |
| 044 | |a SK | ||
| 245 | 1 | 0 | |a Ekonomika a zamestnanosť malých a stredných podnikov a živnostníkov z pohľadu aktuálnych legislatívnych zmien |c Vladimír Sirotka |
| 520 | |a 10 návrhov na zlepšenie podnikateľského prostredia MSP a živnostníkov. | ||
| 610 | 2 | 0 | |a zamestnanosť |
| 610 | 2 | 0 | |a legislatíva |
| 610 | 2 | 0 | |a Slovensko |
| 610 | 2 | 0 | |a podnik malý |
| 610 | 2 | 0 | |a podnik stredný |
| 100 | 1 | |a Sirotka, Vladimír | |